=LDR 00000nam 2200000 4500 =001 INLIS000000000041631 =005 20130612151143 =008 ***********************************ind** =035 ##$$0010-061300000041631 =041 ##$$a ind =082 ##$$a 657.07 =090 ##$$a 657.07, hal, a =100 ##$$a Halim, Abdul =245 ##$$a Akuntansi untuk SMU kelas 3 =260 ##$$a 1999 $b Jogyakarta =300 ##$$a 142 hlm., ilus, 28 cm =650 ##$$a Akuntansi =850 ##$$a NBPNMAT